ბათუმის შოთა რუსთაველის სახელმწიფო უნივერსიტეტის ბიბლიოთეკა

შინაგანი სნეულებანი / (ბიბ.ჩანაწერი № 40004)

000 -ლიდერი
ფიქსირებული სიგრძის საკონტროლო ველი 01387nam a2200265Ia 4500
001 - საკონტროლო ნომერი
საკონტროლო ველი 6610
003 - საკონტროლო ნომრის იდენტიფიკატორი
საკონტროლო ველი GE_BSU
005 - ბოლო ოპერაციის თარიღი და დრო
საკონტროლო ველი 20191118163503.0
008 - ფიქსირებული სიგრძის მონაცემთა ელემენტები - ზოგადი ინფორმაცია
ფიქსირებული სიგრძის საკონტროლო ველი 181216s1998||||ge |||||||||||||| ||geo||
020 ## - წიგნის საერთაშორისო სტანდარტული ნომერი
International Standard Book Number 9992852178
040 ## - კატალოგიზაციის წყარო
Transcribing agency GE_BSU
041 ## - ენის კოდი
Language code of text/sound track or separate title geo
080 ## - უნივერსალური ათობითი კლასიფიკაციის ინდექსი
Universal Decimal Classification number 616(075.8) ტ-37
100 ## - მთავარი ჩანაწერი - პიროვნების სახელი
Personal name ტატიშვილი, ნ.
9 (RLIN) 3231
245 ## - ცნობა სათაურის შესახებ
Title შინაგანი სნეულებანი /
Statement of responsibility, etc ფ.ი. კომაროვის, ვ.გ. კუკესისა და ა.ს. სმეტნევის რედ. ; მთარგმნ.: თ. ბინიაშვილი და სხვ. თარგმ. რედ.: გაიოზ ცინცაძე.
264 ## - წარმოების, გამოცემის, დისტრიბუციის და სხვა ცნობები
გამოცემის, წარმოების, დისტრიბუციის... ადგილი თბილისი :
გამოცემის, წარმოების, დისტრიბუციის... სახელწოდება არჩილი სულაკაურის გამ-ბა,
გამოცემის, წარმოების, დისტრიბუციის... თარიღი 1998.
300 ## - ფიზიკური აღწერა
Extent 783 გვ.:
Other physical details ილ.;
Dimensions 29 სმ.
490 ## - სერიის ცნობა
Series statement სასწ. ლიტ. უმაღ. სამედ. სასწ. სტუდ.
653 ## - INDEX TERM--UNCONTROLLED
Uncontrolled term შინაგანი სნეულებანი
653 ## - INDEX TERM--UNCONTROLLED
Uncontrolled term შინაგანი დაავადებები
700 ## - ADDED ENTRY--PERSONAL NAME
Personal name კომაროვი, ფ.ი.
Relator term რედაქტორი
9 (RLIN) 5411
700 ## - ADDED ENTRY--PERSONAL NAME
Personal name კუკესი, ვ.გ.
Relator term რედსქტორი
9 (RLIN) 5412
700 ## - ADDED ENTRY--PERSONAL NAME
Personal name ბინიაშვილი, თ.
Relator term მთარგმნელი
9 (RLIN) 5413
942 ## - ADDED ENTRY ELEMENTS (KOHA)
Koha item type წიგნი
Source of classification or shelving scheme
ეგზემპლარები
ჩამოწერის სტატუსი დაკარგული ეგზემპლარის სტატუსი კლასიფიკაციის წყარო ან თაროზე გაწყობის სქემა დაზიანების სტატუსი არ გაიცემა მუდმივი მდებარეობა (დაცვის ადგილი) ამჟამინდელი ადგილსამყოფელი თაროზე განთავსების ადგილი შეძენის თარიღი ღირებულება, შესყიდვის ნორმალური ფასი სრული შენახვის შიფრი შტრიხკოდი ბოლო ოპერაციის თარიღი ეგზემპლარის მიმდევრობითი ნომერი (კეტერი?) ფასის ძალაში შესვლის თარიღი ეგზემპლარის სახეობა საჯარო შენიშვნა
          ბათუმის შოთა რუსთაველის სახელმწიფო უნივერსიტეტის მთავარი ბიბლიოთეკა ბათუმის შოთა რუსთაველის სახელმწიფო უნივერსიტეტის მთავარი ბიბლიოთეკა წიგნსაცავი 2018-12-17 45.00 616(075.8) ტ-37 6801 2018-12-17 6801 2018-12-17 წიგნი 45 ლ.